F1 - Culture générale #2 - Statistiques

Statistiques générales
  • Ce quiz a été pris 2 215 fois
  • Le résultat moyen est 10 sur 15
Statistiques - réponses
Question Réponse % Correct
Citez un pilote ayant perdu un championnat du monde d'un point ou moins Stirling Moss | Wolfgang von Trips | Graham Hill | Niki Lauda | Carlos Reutemann | Alain Prost | Damon Hill | Fernando Alonso | Lewis Hamilton | Felipe Massa
95%
En quelle année Nico Rosberg a remporté le seul championnat du monde de F1 de sa carrière ? 2016
94%
Quel pilote, ayant remporté le championnat du monde en 1997, est commentateur de F1 sur Canal + aux côtés du Julien Fébreau depuis 2013 ? Jacques Villeneuve
87%
Citez un pilote ayant remporté 3 championnats du monde exactement Jack Brabham | Niki Lauda | Nelson Piquet | Ayrton Senna | Jackie Stewart
85%
Quels sont les 2 seuls Grand Prix (les lieux) qui n'ont jamais quitté le calendrier de la Formule 1 depuis sa création en 1950 ? Monza
80%
Quel pilote a roulé pour ces écuries là ? Sauber (2001) McLaren (2002-2006)Ferrari (2007-2009) Lotus (2012-2013) Ferrari (2014-2018) Alfa Romeo (2019-2021) Kimi Räikkönen
79%
Quel est le pilote ayant le record du plus jeune pilote à avoir remporté un championnat du monde ? Sebastian Vettel (23 ans, 4 mois et 11 jours)
79%
Silverstone
76%
Quel pilote a le plus de participations sans avoir gagné de Grand Prix ? Nico Hülkenberg (225)
75%
Comment s'appelait le père de ce pilote ? Gilles Villeneuve
70%
Citez une écurie d'origine française autre qu'Alpine/Renault Automobiles Gonfaronnaises Sportives (AGS) | Bugatti | Gordini | Larousse | Ligier | Martini | Matra | Prost | Simca Gordini | Talbot | Venturi
67%
Qui était le coéquipier de Michael Schumacher chez Ferrari de 2000 à 2005 ? Rubens Barrichello
54%
Quel est le circuit le plus long (en kms) du calendrier depuis 1958 ? Spa-Francorchamps
50%
Comment s'appelle l'équipement de sécurité autour du cou des pilotes, qu'on pourrait traduire de l'anglais par "Support de la tête et du cou" ? Le HANS (Head And Neck Support)
29%
De quelles couleurs est le drapeau qui sert à signaler à un pilote que sa monoplace est endommagée et qu'il doit immédiatement rentrer aux stands pour la réparer ? Orange et noir
26%
Aucun quiz correspondant
Distribution des résultats
% des personnes avec chaque résultat
Percentile par nombre de réponses
Votre historique - résultats
Vous n’avez pas pris ce quiz